banner koha

Análise comparativa de quatro protocolos de extração de DNA genômico, em gergelim (Registro n. 177773)

MARC details
000 -LÍDER
campo de controle de tamanho fixo 01040nas a2200349 4500
001 - NÚMERO DE CONTROLE
campo de controle BR0401137
003 - IDENTIFICADOR DO NÚMERO DE CONTROLE
campo de controle BR-BrBNA
005 - DATA E HORÁRIO DA ÚLTIMA TRANSAÇÃO
campo de controle 20231205104350.0
007 - CAMPO FIXO DE DESCRIÇÃO FÍSICA--INFORMAÇÃO GERAL
campo de controle de tamanho fixo ta
008 - CAMPO DE DADOS FIXOS--INFORMAÇÃO GERAL
campo de controle de tamanho fixo 230509b bl.|||p| |||| 00| 00por d
040 ## - FONTE DA CATALOGAÇÃO
Instituição da catalogação original BR-BrBNA
Idioma da catalogação por
Instituição que transcreveu o registro Biblioteca Nacional de Agricultura
041 ## - CÓDIGO DE IDIOMA
Código do idioma do texto/trilha sonora ou título diferente (Pt)
072 ## - CÓDIGO DE CATEGORIA DE ASSUNTO
Código de Categoria de Assunto F60; F30
100 1# - ENTRADA PRINCIPAL--NOME PESSOAL
Nome pessoal Arriel, N.H.C.
100 1# - ENTRADA PRINCIPAL--NOME PESSOAL
Nome pessoal Unêda-Trevisoli, S.H.
100 1# - ENTRADA PRINCIPAL--NOME PESSOAL
Nome pessoal Capeloto, A.
100 1# - ENTRADA PRINCIPAL--NOME PESSOAL
Nome pessoal Di Mauro, S.M.Z.
100 1# - ENTRADA PRINCIPAL--NOME PESSOAL
Nome pessoal Di Mauro, A.O.
245 1# - TÍTULO
Título Análise comparativa de quatro protocolos de extração de DNA genômico, em gergelim
650 ## - ASSUNTO--TERMO TÓPICO
Cabeçalho tópico ou nome geográfico GERGELIM
650 ## - ASSUNTO--TERMO TÓPICO
Cabeçalho tópico ou nome geográfico ANÁLISE COMPARATIVA
650 ## - ASSUNTO--TERMO TÓPICO
Cabeçalho tópico ou nome geográfico ÁCIDO NUCLÉICO
650 ## - ASSUNTO--TERMO TÓPICO
Cabeçalho tópico ou nome geográfico DNA
650 ## - ASSUNTO--TERMO TÓPICO
Cabeçalho tópico ou nome geográfico MÉTODO
650 ## - ASSUNTO--TERMO TÓPICO
Cabeçalho tópico ou nome geográfico ELETROFORESE
650 ## - ASSUNTO--TERMO TÓPICO
Cabeçalho tópico ou nome geográfico PUREZA
650 ## - ASSUNTO--TERMO TÓPICO
Cabeçalho tópico ou nome geográfico REAÇÃO QUÍMICA
650 ## - ASSUNTO--TERMO TÓPICO
Cabeçalho tópico ou nome geográfico BIOLOGIA MOLECULAR
773 0# - ENTRADA ANALÍTICA
Título Revista Brasileira de Oleaginosas e Fibrosas (Brazil)
ISSN - International Standard Serial Number ISSN 1415-6784
Partes relacionadas (May-Aug 2002), v. 6(2) p. 525-535
Número de controle do registro BR0401137
909 ## -
-- 202311
-- Lúcia
-- 55
-- Lúcia Elande
942 ## - ELEMENTOS DE ENTRADA ADICIONADOS (KOHA)
Fonte da classificação ou esquema de arquivamento na estante Classificação AGRIS
Ocultar no OPAC Não
Tipo de material Koha Analítica
Exemplares
Situação do descarte Fonte da classificação ou esquema de arquivamento na estante Situação física Não pode ser emprestado Biblioteca de origem Biblioteca atual Localização na estante Enumeração do periódico / cronologia Total de empréstimos Data de último acesso Número do exemplar Tipo de material Koha Fonte de aquisição
  Classificação AGRIS   Consulta local Biblioteca Nacional de Agricultura - Binagri Biblioteca Nacional de Agricultura - Binagri   (May-Aug 2002), v. 6(2) p. 525-535   29/11/2023 01 Periódicos Portaria Interministerial nº 164/94

BINAGRI

Telefone: (61)3218-2567/2388/3357/2097 - binagri@agro.gov.br

Ministério da Agricultura e Pecuária , Esplanada dos Ministérios, Bloco D, Anexo B, Brasília/DF, CEP: 70.043-900